| 000 | 01116nam a2200349Ia 4500 | ||
|---|---|---|---|
| 003 | OSt | ||
| 005 | 20220912150636.0 | ||
| 006 | a|||||r|||| 00| 0 | ||
| 007 | ta | ||
| 008 | 220909b |||||||| |||| 00| 0 eng d | ||
| 020 | _a0470868864 (pbk) | ||
| 024 | _a15352 | ||
| 037 | _b052, 17/08/2005, Dhanraj Book House | ||
| 037 | _cTextbook | ||
| 040 |
_aCSL _beng _cCSL |
||
| 041 | _aeng | ||
| 082 | _aC21-5:3, P5 TC | ||
| 100 | _aSole Jose Garcia | ||
| 245 | 0 | _aIntroduction to the optical spectroscopy of inorganic solids | |
| 260 |
_aChichester _bJohn Wiley & Sons _c2005 |
||
| 300 |
_axiii,283p. _ccm. |
||
| 500 | _aIncludes bibliographical references.; Appendix A1-A4 263-275p; Index 276-283p | ||
| 650 | _a Enrgy band theory of solids | ||
| 650 | _a Optical spectroscopy | ||
| 650 | _a Solids-spectra | ||
| 650 | _a Spectroscopy | ||
| 650 | _aChemistry | ||
| 700 | _a Bausa Louisa E | ||
| 700 | _a Jaque Daniel | ||
| 942 |
_hC21-5:3, P5 TC _cTB _2CC |
||
| 999 |
_c51723 _d51723 |
||